000
00329nam a2200133Ia 4500
008
231129s1984||||xx |||||||||||||| ||spa||
040
_b
spa
082
_a
526.9 P438t
100
_a
Pérez Acero José Joaquín
245
0
_a
Topografía aplicada
260
_c
1984
264
_a
Universidad Santo Tomás
942
_2
ddc
_c
BKS
999
_c
25510
_d
25510